| 000 | 00668nam a22001937a 4500 | ||
|---|---|---|---|
| 999 |
_c173251 _d173251 |
||
| 005 | 20200220163153.0 | ||
| 010 | _aUR-10701 | ||
| 020 |
_c100.00 _a- |
||
| 035 | _aU-9256 | ||
| 037 |
_bDBAD/PUB _a- |
||
| 082 | _a841 | ||
| 100 | _aخا لد ر حيم | ||
| 245 |
_aخير ا لا نا م (حمد يہ نعتيہ مجمو عہ ) _cخا لد ر حيم |
||
| 246 |
_bKhairul Anam(Hamdia and Natia Majmua) (Urdu) _aby Khalid Raheem |
||
| 260 |
_aDelhi _bEducational publishing House _c2019 ء |
||
| 270 |
_a3191,Vakil Street,Kucha Pandit Lal kuan, _bDelhi _e110006 _k23216162 _l- |
||
| 300 |
_a136 ص _c22 Cm(Hb) |
||
| 942 |
_2ddc _cUR _h841 _mخ ا ل |
||